| 000 | 00832nam a2200265 a 4500 | ||
|---|---|---|---|
| 001 | BRCA_7166 | ||
| 005 | 20190320205732.0 | ||
| 008 | 110610s1954----enka######---#000-0#eng-# | ||
| 041 | _aeng | ||
| 044 | _aenk | ||
| 050 | 4 |
_aNK1125 _b.C66 4 _c1954 |
|
| 245 | 1 | 0 |
_aThe Concise Encyclopaedia of Antiques _ccompiled by the Connoisseur. |
| 260 |
_aLondres _bL.G.G. Ramsey, F.S.A. _c1954 |
||
| 300 |
_a288 p. _bil. _c25 cm. |
||
| 500 | _aIncluye índice de nombres y lugares | ||
| 500 | _aEstado físico: camisa rota | ||
| 500 | _aEnciclopedia inventariada por Banco de México como libro | ||
| 500 | _aVer también AM42, AM43 y AM45 | ||
| 500 | _aO212 | ||
| 650 | 1 | 4 |
_aObjetos de arte _vEnciclopedias _917765 |
| 650 | 1 | 4 |
_aColeccionistas y colecciones _917766 |
| 650 | 1 | 4 |
_aAntigüedades _917767 |
| 902 | _aGFM | ||
| 942 |
_2lcc _cB |
||
| 999 |
_c6847 _d6847 |
||